000 00516nam a2200193Ia 4500
005 20250326145445.0
008 250326s9999 xx 000 0 und d
037 _aTextbook
040 _aFMSL
_beng
_cFMSL
041 _aeng
_2eng
084 _qFMSL
100 _aTripathi R C
_9310333
245 0 _aPsychology, development and social policy in India
_cTripathi R C; Sinha Y
260 _aNY
_bNY, Springer
_c2015
365 _b7510.25
650 _aManagement
942 _cTB
999 _c1307644
_d1307644